[Event "AUTO-MASTER-1863"]
[Site "http://www.queenalice.com/game.php?id=1176942"]
[Date "2013.5.1"]
[Round "1"]
[White "DNRW405"]
[Black "dutra2302"]
[Result "0-1"]
[WhiteElo "2140"]
[BlackElo "2261"]

1. d4 d5 2. c4 dxc4 3. e3 Be6 4. Nc3 c6 5. a4 g6 6. Nf3 Nf6 7. Ne5 Bg7 8. Bxc4
Bxc4 9. Nxc4 Nbd7 10. O-O Nd5 11. Bd2 O-O 12. Qb3 N7b6 13. Nxb6 Qxb6 14. Qxb6
Nxb6 15. b3 c5 16. Ne2 cxd4 17. exd4 Rfc8 18. Rfc1 h6 19. Rab1 e6 20. h3 Nd5 21.
Be3 Rd8 22. Rc4 Rd7 23. Rbc1 Rad8 24. Rc8 Kf8 25. Rxd8+ Rxd8 26. Kf1 Ke8 27. Ke1
Nb4 28. Rc7 Rd7 29. Rc8+ Ke7 30. Rc4 Nd5 31. b4 Nb6 32. Rc5 Nxa4 33. Ra5 Nb2 34.
b5 b6 35. Ra2 Nc4 36. g4 Nd6 37. Nc3 e5 38. dxe5 Bxe5 39. Nd5+ Ke6 40. Nf4+ Ke7
41. Nd5+ Ke6 42. Nb4 Bc3+ 43. Bd2 Nxb5 44. Rc2 Bxd2+ 45. Rxd2 Rxd2 46. Kxd2 a5
47. Nd3 g5 48. f4 f6 49. fxg5 hxg5 50. Nf2 Kd5 51. Kd3 a4 0-1

[Event "AUTO-MASTER-1863"]
[Site "http://www.queenalice.com/game.php?id=1176943"]
[Date "2013.5.1"]
[Round "1"]
[White "dutra2302"]
[Black "DNRW405"]
[Result "1-0"]
[WhiteElo "2298"]
[BlackElo "2175"]

1. Nf3 Nf6 2. e3 b6 3. d4 Bb7 4. Ne5 d6 5. Nf3 e6 6. h3 Be7 7. Bd2 O-O 8. Bc4
Nbd7 9. Nc3 d5 10. Bd3 c5 11. dxc5 Nxc5 12. O-O Nce4 13. a4 Nxc3 14. Bxc3 Rc8
15. Nd4 a6 16. Qe2 a5 17. Nb5 Qd7 18. Rfd1 h6 19. Rac1 Rfd8 20. Be5 Ne8 21. c4
Bf6 22. Bg3 Be7 23. e4 Nd6 24. cxd5 Rxc1 25. Rxc1 Rc8 26. Rxc8+ Bxc8 27. Nxd6
Bxd6 28. Bb5 Qc7 29. e5 Qc1+ 30. Kh2 Be7 31. d6 Bd8 32. Qe4 f5 33. Qa8 f4 34. d7
fxg3+ 35. fxg3 1-0

[Event "AUTO-ADV-2695"]
[Site "http://www.queenalice.com/game.php?id=1179215"]
[Date "2013.5.7"]
[Round "2"]
[White "Papageno"]
[Black "DNRW405"]
[Result "0-1"]
[WhiteElo "2066"]
[BlackElo "2111"]

1. e4 c5 2. Bc4 e6 3. Nc3 a6 4. a4 g6 5. d4 cxd4 6. Qxd4 Qf6 7. e5 Qe7 8. Ne4
Qb4+ 9. Bd2 Nc6 10. Nd6+ Bxd6 11. exd6 Nxd4 12. Bxb4 Nxc2+ 13. Kd2 Nxb4 14. a5
Nf6 15. Nf3 Ne4+ 0-1

[Event "AUTO-ADV-2695"]
[Site "http://www.queenalice.com/game.php?id=1179216"]
[Date "2013.5.7"]
[Round "2"]
[White "DNRW405"]
[Black "Papageno"]
[Result "1-0"]
[WhiteElo "2134"]
[BlackElo "2066"]

1. d4 d5 2. c4 c6 3. Nc3 Nf6 4. Nf3 Bg4 5. e3 Ne4 6. cxd5 cxd5 7. Be2 e6 8. Ne5
Bxe2 9. Qxe2 Qb6 10. Qf3 Bb4 11. Qxf7+ Kd8 12. Qxg7 Re8 13. a3 1-0

[Event "AUTO-ADV-2695"]
[Site "http://www.queenalice.com/game.php?id=1179219"]
[Date "2013.5.7"]
[Round "2"]
[White "chessman"]
[Black "DNRW405"]
[Result "0-1"]
[WhiteElo "1965"]
[BlackElo "2133"]

1. e4 c5 2. Nf3 Nc6 3. Bc4 e6 4. O-O Nge7 5. a3 a6 6. c3 b5 7. Be2 g6 8. d4 d5
9. exd5 Nxd5 10. c4 Nc7 11. cxb5 Nxb5 12. dxc5 Qxd1 13. Rxd1 Bxc5 14. Bh6 Bb7
15. Bg7 Rg8 16. Bf6 Ne7 17. b4 Bb6 18. a4 Nc7 19. Nc3 Rc8 20. a5 Ba7 21. b5 Nxb5
22. Nxb5 axb5 23. Bxb5+ Bc6 24. Bxc6+ Rxc6 25. Rab1 Nd5 26. Bd4 Bxd4 27. Rb8+
Ke7 28. Rxg8 Bf6 29. Rb8 Ra6 0-1

[Event "AUTO-ADV-2695"]
[Site "http://www.queenalice.com/game.php?id=1179220"]
[Date "2013.5.7"]
[Round "2"]
[White "DNRW405"]
[Black "chessman"]
[Result "1-0"]
[WhiteElo "2153"]
[BlackElo "1903"]

1. d4 d5 2. c4 c6 3. Nc3 Nf6 4. Nf3 e6 5. e3 Be7 6. Be2 O-O 7. O-O Re8 8. b3
Nbd7 9. Bb2 Nf8 10. Ne5 N6d7 11. f4 Nxe5 12. fxe5 dxc4 13. Bxc4 c5 14. Qf3 f5
15. Qxf5 cxd4 16. exd4 Qxd4+ 17. Kh1 1-0

[Event "AUTO-OPEN-2801"]
[Site "http://www.queenalice.com/game.php?id=1183158"]
[Date "2013.5.21"]
[Round "2"]
[White "DNRW405"]
[Black "HILITO"]
[Result "0-1"]
[WhiteElo "2155"]
[BlackElo "2105"]

1. d4 c6 2. c4 d5 3. cxd5 cxd5 4. Nc3 Nf6 5. Bg5 Nc6 6. Nf3 g6 7. e3 Bg7 8. Bb5
O-O 9. h3 a6 10. Ba4 b5 11. Bb3 e6 12. O-O Bb7 13. a3 Rc8 14. Rc1 Na5 15. Ba2
Nc4 16. Rc2 Qb6 17. Nd2 Nxb2 18. Qb1 Nc4 19. Nxc4 dxc4 20. a4 b4 21. Bxf6 Bxf6
22. Rb2 b3 23. Qc1 Qc6 24. d5 exd5 25. Bb1 Bxc3 0-1

[Event "AUTO-OPEN-2801"]
[Site "http://www.queenalice.com/game.php?id=1183159"]
[Date "2013.5.21"]
[Round "2"]
[White "HILITO"]
[Black "DNRW405"]
[Result "1-0"]
[WhiteElo "2102"]
[BlackElo "2170"]

1. e4 e6 2. d3 c5 3. Nf3 Nc6 4. Bf4 Nf6 5. h3 Qb6 6. Qc1 d6 7. Be2 Be7 8. Nc3
O-O 9. O-O Nh5 10. Bh2 g6 11. Nd2 Nf6 12. Nc4 Qd8 13. Nb5 a6 14. Nbxd6 Bxd6 15.
e5 Bc7 16. exf6 Bxh2+ 17. Kxh2 Qxf6 18. Nb6 Rb8 19. f4 Nd4 20. Bf3 Nxf3+ 21.
Rxf3 Qd8 22. Nxc8 Rxc8 23. Qe3 b5 24. a4 Qd6 25. axb5 axb5 26. Qe5 Qc6 27. b3 f6
28. Qe4 Qxe4 29. dxe4 c4 30. Ra6 Rfe8 31. Rb6 cxb3 32. cxb3 Rc5 33. Rd3 f5 34.
e5 h6 35. Rdd6 Kf7 36. Rd7+ Re7 37. Rxe7+ Kxe7 38. Rb7+ Kf8 39. Rh7 h5 40. Rb7
Rd5 41. Kg3 Rd3+ 42. Kh4 Rxb3 43. Kg5 Rg3+ 44. Kf6 Ke8 45. Kxe6 Kd8 46. Kf7 Kc8
47. Rxb5 Rxg2 48. e6 Re2 49. e7 Kd7 50. Rd5+ Kc6 51. Re5 Rxe5 52. fxe5 1-0

[Event "AUTO-ADV-2695"]
[Site "http://www.queenalice.com/game.php?id=1193866"]
[Date "2013.6.25"]
[Round "3"]
[White "DNRW405"]
[Black "Paulsains"]
[Result "1-0"]
[WhiteElo "2159"]
[BlackElo "1998"]

1. d4 Nf6 2. c4 g6 3. Nc3 Bg7 4. e4 d6 5. f3 O-O 6. Be3 e5 7. d5 c6 8. Bd3 c5 9.
Nge2 Nbd7 10. O-O Nb6 11. a3 Bd7 12. b4 Rc8 13. bxc5 dxc5 14. a4 a5 15. Nb5 Bxb5
16. axb5 Nbd7 17. Qd2 b6 18. Bh6 Nh5 19. Bxg7 Nxg7 20. Bc2 f5 21. Nc3 Qf6 22.
Rae1 f4 23. Rd1 Qg5 24. d6 Ne6 25. Qd5 Rce8 26. Qb7 Rf7 27. Nd5 Rb8 28. Qa7 Qd8
29. Ne7+ Kh8 30. Nc6 Ra8 31. Nxd8 1-0

[Event "AUTO-ADV-2695"]
[Site "http://www.queenalice.com/game.php?id=1193867"]
[Date "2013.6.25"]
[Round "3"]
[White "Paulsains"]
[Black "DNRW405"]
[Result "0-1"]
[WhiteElo "1991"]
[BlackElo "2163"]

1. e4 c5 2. Nf3 g6 3. Bc4 Nc6 4. d4 cxd4 5. Nxd4 Bg7 6. Nxc6 bxc6 7. Qf3 e6 8.
O-O d5 9. exd5 cxd5 10. Nc3 Bd7 11. Bb3 Ne7 12. Bg5 O-O 13. Rad1 Bc6 14. Bxe7
Qxe7 15. Rfe1 Qb7 16. Qd3 Rad8 17. f3 d4 18. Ne4 e5 19. Nc5 Qe7 20. Qc4 Bd5 21.
Qb5 Bxb3 22. Nxb3 Qc7 23. Qd3 f5 24. Nd2 Rfe8 25. Qb3+ Kh8 26. Nc4 e4 27. fxe4
fxe4 28. c3 d3 29. Re3 Bh6 30. Ree1 Qc5+ 31. Kh1 e3 32. Nxe3 Rxe3 33. Rxe3 Qxe3
34. c4 d2 35. Qxe3 Bxe3 36. g3 Re8 37. Kg2 Rf8 38. b3 Rf2+ 39. Kh3 Re2 0-1

[Event "AUTO-ADV-2695"]
[Site "http://www.queenalice.com/game.php?id=1193868"]
[Date "2013.6.25"]
[Round "3"]
[White "DNRW405"]
[Black "Aborigen"]
[Result "1-0"]
[WhiteElo "2143"]
[BlackElo "2000"]

1. d4 e6 2. c4 d5 3. cxd5 exd5 4. Nc3 Nf6 5. Bg5 Be7 6. Nf3 O-O 7. e3 c6 8. Bd3
Nbd7 9. O-O h6 10. Bxf6 Nxf6 11. h3 Be6 12. Qc2 Bd6 13. Ne5 Re8 14. f4 Bc7 15.
Rf3 Bd6 16. Rg3 Bf8 17. Rf1 Nh5 18. Rgf3 Nf6 19. Na4 Be7 20. Nc5 Bxc5 21. Qxc5
Qb6 22. Qc2 Qd8 23. g4 Qe7 24. Rg3 Rad8 25. g5 Nh5 26. Rgf3 hxg5 27. f5 Bc8 28.
Qg2 f6 29. Ng6 Qc7 30. Qg4 Kf7 31. Qxh5 Rg8 32. Ne5+ Kf8 33. Ng4 Bd7 34. Nh2 Ke7
35. e4 Be8 36. Qg4 Rh8 37. Re3 Rh4 38. exd5+ Kf8 39. Qg2 cxd5 40. Nf3 Rf4 41.
Bb1 Bb5 42. Rfe1 Qf7 43. Nxg5 Qd7 44. Ne6+ 1-0

[Event "AUTO-ADV-2695"]
[Site "http://www.queenalice.com/game.php?id=1193869"]
[Date "2013.6.25"]
[Round "3"]
[White "Aborigen"]
[Black "DNRW405"]
[Result "1-0"]
[WhiteElo "2083"]
[BlackElo "2166"]

1. e4 d6 2. d4 g6 3. Nf3 Bg7 4. Bc4 Bg4 5. O-O Nd7 6. c3 c5 7. Bxf7+ Kxf7 8.
Ng5+ Ke8 9. Qxg4 Nh6 10. Qe2 cxd4 11. Ne6 Qa5 12. Nxg7+ Kf7 13. Bxh6 Nf6 14.
cxd4 Rag8 15. d5 Qb4 16. Nc3 Nd7 17. Ne6 Ne5 18. f4 Nd7 19. f5 a6 20. fxg6+ Kxg6
21. Qg4+ Kxh6 22. Qh4+ Kg6 23. Qg5# 1-0

[Event "Challenge"]
[Site "http://www.queenalice.com/game.php?id=1205000"]
[Date "2013.8.3"]
[Round "-"]
[White "eddval"]
[Black "DNRW405"]
[Result "1-0"]
[WhiteElo "2221"]
[BlackElo "2151"]

1. d4 Nf6 2. c4 e6 3. Nf3 b6 4. Nc3 Bb7 5. e3 Be7 6. Bd3 O-O 7. O-O d5 8. Re1
Nbd7 9. b3 Ne4 10. Bb2 Ndf6 11. Qc2 h6 12. Rad1 a6 13. Bxe4 Nxe4 14. Nxe4 dxe4
15. Nd2 f5 16. c5 Qe8 17. Rc1 Bd5 18. b4 bxc5 19. dxc5 c6 20. a3 g5 21. Nc4 Rd8
22. Ne5 f4 23. Ng4 Kh7 24. f3 Qg6 25. Ne5 Qf5 26. exf4 exf3 27. Nxf3 Qxc2 28.
Rxc2 Rxf4 29. Nd4 Re8 30. Rce2 Bf6 31. Rd2 Kg6 32. g3 Bxd4+ 33. Bxd4 1-0

[Event "Corinthians-PP"]
[Site "http://www.queenalice.com/game.php?id=1215837"]
[Date "2013.9.13"]
[Round "-"]
[White "jeancarlo1910"]
[Black "DNRW405"]
[Result "0-1"]
[WhiteElo "1596"]
[BlackElo "2066"]

1. Nf3 Nf6 2. d4 b6 3. Nc3 Bb7 4. Bg5 e6 5. a3 Be7 6. e3 O-O 7. Bd3 d5 8. Ne5
Nbd7 9. f4 c5 10. Qf3 c4 11. Be2 a6 12. Ng4 Nxg4 13. Bxe7 Qxe7 14. Qxg4 f5 15.
Qg3 Nf6 16. h3 Ne4 17. Nxe4 fxe4 18. h4 Rf6 19. h5 Raf8 20. h6 g6 21. Qf2 e5 22.
g3 exf4 0-1

[Event "Challenge"]
[Site "http://www.queenalice.com/game.php?id=1218552"]
[Date "2013.9.20"]
[Round "-"]
[White "eddval"]
[Black "DNRW405"]
[Result "1-0"]
[WhiteElo "2233"]
[BlackElo "2141"]

1. e4 d5 2. exd5 Qxd5 3. Nc3 Qd8 4. d4 Nf6 5. Bc4 e6 6. Nf3 Bb4 7. O-O O-O 8.
Bb3 c5 9. Be3 Na6 10. a3 cxd4 11. Bxd4 Be7 12. Qe2 Nc7 13. Rad1 Qe8 14. Ne5 Ncd5
15. Rd2 Bd7 16. Nxd7 Qxd7 17. Bxf6 Bxf6 18. Nxd5 exd5 19. Rxd5 Qc7 20. c3 Rae8
21. Qd2 Rd8 22. Rd1 Rxd5 23. Bxd5 Rd8 24. g3 Qb6 25. c4 g6 26. b4 Qc7 27. Qd3 b6
28. Qf3 Bg7 29. Qxf7+ 1-0

[Event "AUTO-MASTER-1976"]
[Site "http://www.queenalice.com/game.php?id=1230016"]
[Date "2013.11.5"]
[Round "1"]
[White "DNRW405"]
[Black "cerenzo72"]
[Result "0-1"]
[WhiteElo "2132"]
[BlackElo "2121"]

1. d4 Nf6 2. c4 e6 3. Nf3 c5 4. d5 b5 5. dxe6 fxe6 6. cxb5 d5 7. e3 c4 8. Nc3
Bb4 9. Be2 O-O 10. O-O Qc7 11. h3 Bxc3 12. bxc3 Qa5 13. Bb2 Qxb5 14. Qc2 Ne4 15.
Ba3 Re8 16. Nd4 Qd7 17. Rab1 Qf7 18. Bf3 Ng5 19. Be2 a6 0-1

[Event "AUTO-MASTER-1976"]
[Site "http://www.queenalice.com/game.php?id=1230017"]
[Date "2013.11.5"]
[Round "1"]
[White "cerenzo72"]
[Black "DNRW405"]
[Result "1-0"]
[WhiteElo "2125"]
[BlackElo "2120"]

1. e4 e6 2. d4 d5 3. e5 c5 4. c3 Nc6 5. Nf3 Bd7 6. Be2 Nge7 7. Na3 cxd4 8. cxd4
Nf5 9. O-O Bxa3 10. bxa3 O-O 11. Qd3 Rc8 12. Rb1 b6 13. a4 Na5 14. g4 Ne7 15.
Ng5 Ng6 16. h4 h6 17. h5 hxg5 18. hxg6 Nc4 19. gxf7+ Rxf7 20. Qg6 1-0

[Event "AUTO-MASTER-1976"]
[Site "http://www.queenalice.com/game.php?id=1230018"]
[Date "2013.11.5"]
[Round "1"]
[White "DNRW405"]
[Black "viennawaltz"]
[Result "0-1"]
[WhiteElo "2132"]
[BlackElo "2325"]

1. d4 d5 2. c4 e6 3. cxd5 exd5 4. Nc3 c6 5. Nf3 Bd6 6. e3 Nf6 7. Be2 O-O 8. O-O
Re8 9. Re1 Bf5 10. Qb3 b5 11. Bd2 Nbd7 12. Rac1 Nb6 13. a3 Nc4 14. Bxc4 bxc4 15.
Qa4 Rb8 16. Qxc6 Rxb2 17. Nb5 Bb8 0-1

[Event "AUTO-MASTER-1976"]
[Site "http://www.queenalice.com/game.php?id=1230019"]
[Date "2013.11.5"]
[Round "1"]
[White "viennawaltz"]
[Black "DNRW405"]
[Result "1-0"]
[WhiteElo "2275"]
[BlackElo "2141"]

1. e4 e6 2. d4 d5 3. Nc3 Bb4 4. e5 c5 5. a3 Ba5 6. b4 cxd4 7. Qg4 Ne7 8. bxa5
dxc3 9. Qxg7 Rg8 10. Qxh7 Qxa5 11. Nf3 Nbc6 12. Ng5 d4 13. Nxf7 Nxe5 14. Bb5+
N5c6 15. O-O Bd7 16. Nd6+ 1-0

[Event "AUTO-MASTER-1976"]
[Site "http://www.queenalice.com/game.php?id=1230020"]
[Date "2013.11.5"]
[Round "1"]
[White "DNRW405"]
[Black "Bruscato"]
[Result "0-1"]
[WhiteElo "2108"]
[BlackElo "1925"]

1. c4 e5 2. Nc3 Nf6 3. d3 Bc5 4. a3 O-O 5. Bg5 Nc6 6. Nf3 h6 7. Bxf6 Qxf6 8. Ne4
Qe7 9. e3 f5 10. Nxc5 Qxc5 11. b4 Qe7 12. b5 Nd8 13. Be2 d6 14. O-O Ne6 15. d4
e4 16. Nd2 c6 17. a4 d5 18. c5 f4 19. Rb1 g5 0-1

[Event "AUTO-MASTER-1976"]
[Site "http://www.queenalice.com/game.php?id=1230021"]
[Date "2013.11.5"]
[Round "1"]
[White "Bruscato"]
[Black "DNRW405"]
[Result "1-0"]
[WhiteElo "1948"]
[BlackElo "2088"]

1. e4 e6 2. Nf3 c5 3. d4 d5 4. exd5 exd5 5. Bb5+ Bd7 6. Bxd7+ Nxd7 7. O-O Ngf6
8. Bg5 Be7 9. Re1 O-O 10. Nc3 c4 11. Qd2 Re8 12. Ne5 h6 13. Bh4 Nb6 14. Rad1 Rc8
15. Re3 Nh7 16. Bg3 Ng5 17. f4 Ne6 18. Rf1 Nf8 19. Ne2 Bh4 20. c3 1-0